Plant disease epidemiology / (Record no. 204856)
[ view plain ]
| 000 -CABECERA | |
|---|---|
| campo de control de longitud fija | 00812nam a2200289Ia 4500 |
| 001 - NÚMERO DE CONTROL | |
| campo de control | Para_6076 |
| 003 - IDENTIFICADOR DEL NÚMERO DE CONTROL | |
| campo de control | CHAP |
| 008 - DATOS DE LONGITUD FIJA--INFORMACIÓN GENERAL | |
| campo de control de longitud fija | 220125s1986 xx 000 0 und d |
| 010 ## - NÚMERO DE CONTROL DE LA BIBLIOTECA DEL CONGRESO | |
| Número de control de LC | 204856 |
| 040 ## - FUENTE DE LA CATALOGACIÓN | |
| Centro/agencia transcriptor | CHAP |
| 082 ## - NÚMERO DE LA CLASIFICACIÓN DECIMAL DEWEY | |
| Número de clasificación | PA 581.2 L46 |
| 100 ## - ENTRADA PRINCIPAL--NOMBRE DE PERSONA | |
| Nombre de persona | Leonard, Kurt J. |
| 9 (RLIN) | 66060 |
| 245 ## - MENCIÓN DE TÍTULO | |
| Título | Plant disease epidemiology / |
| Mención de responsabilidad, etc. | by Kurt J. Leonard, William E. Fry |
| 260 ## - PUBLICACIÓN, DISTRIBUCIÓN, ETC. | |
| Lugar de publicación, distribución, etc. | New York : |
| Nombre del editor, distribuidor, etc. | MacMillan Publishing Company |
| 300 ## - DESCRIPCIÓN FÍSICA | |
| Extensión | v. |
| 500 ## - NOTA GENERAL | |
| Nota general | Contenido: v.1 Population dynamics and management |
| 650 ## - PUNTO DE ACCESO ADICIONAL DE MATERIA--TÉRMINO DE MATERIA | |
| Término de materia o nombre geográfico como elemento de entrada | Fitopatología |
| 9 (RLIN) | 41161 |
| 700 ## - PUNTO DE ACCESO ADICIONAL--NOMBRE DE PERSONA | |
| Nombre de persona | Fry, William E. |
| 9 (RLIN) | 43776 |
| 700 ## - PUNTO DE ACCESO ADICIONAL--NOMBRE DE PERSONA | |
| Nombre de persona | Leonard, Kurl L. |
| 9 (RLIN) | 170795 |
| 901 ## - ELEMENTOS DE DATOS A LOCAL LDA (RLIN) | |
| a | PA 581.2 L46 |
| 902 ## - ELEMENTOS DE DATOS B LOCAL, LDB (RLIN) | |
| a | A |
| 905 ## - ELEMENTOS DE DATOS E LOCAL, LDE (RLIN) | |
| a | 0000001986 0000000000 00 |
| 910 ## - DATOS DE OPCIÓN DEL USUARIO (OCLC) | |
| Datos de opción del usuario | 1986 |
| 942 ## - ELEMENTOS DE PUNTO DE ACCESO ADICIONAL (KOHA) | |
| Tipo de ítem Koha | Parasitologia_ |
| 942 ## - ELEMENTOS DE PUNTO DE ACCESO ADICIONAL (KOHA) | |
| Tipo de ítem Koha | Parasitologia_ |
| -- | 1 |
| Estado de retiro | Estado de pérdida | Fuente del sistema de clasificación o colocación | Estado dañado | Restricciones de uso | No para préstamo | Código de colección | Localización permanente | Ubicación/localización actual | Fecha de adquisición | Información codificada de la localización en otra ubicación | Número de inventario | Total de préstamos | Signatura topográfica completa | Código de barras | Fecha visto por última vez | Número de copia | Precio válido a partir de | Tipo de ítem Koha | Nota pública |
|---|---|---|---|---|---|---|---|---|---|---|---|---|---|---|---|---|---|---|---|
| Dewey Decimal Classification | Préstamo 3 días | General | Parasitologia Agricola | Parasitologia Agricola | 27/10/2005 | PARA | PA_3493) (No. UACh C/E) | PA 581.2 L46 | 4102000486 | 25/01/2022 | V.1 Ej.2 | 25/01/2022 | Libro | 3 | |||||
| Dewey Decimal Classification | Préstamo interno | General | Parasitologia Agricola | Parasitologia Agricola | 27/10/2005 | PARA | (PA_3492) (No. UACh C/E) | PA 581.2 L46 | 4102000485 | 25/01/2022 | V.1 Ej.1 | 25/01/2022 | Libro | 3 |
